000 00530nam a2200181Ia 4500
001 8817
005 20260306160638.0
008 260306t2011||||xx |||||||||||||| ||spa||
041 _aESP
082 _a371.394
_bCH533
100 _aChávez Contreras, Ángel E.
_eAUT
245 0 _aSe necesita un tutor:
_bpautas, ideas y reflexiones para el ejercicio de la tutoría y orientación en la educación básica
260 _c2011
300 _a136 páginas :
_c25 cm.
650 _aGEN
654 _aCED
942 _cLIB
_dJUS
_fJUS
_2ddc
_n
999 _c8817
_d8817